000
00292nam a22001097a 4500
008
170111b xxu||||| |||| 00| 0 eng d
020
_a
9780323012164
041
_a
eng
080
_2
2ND
_a
618.2
245
_a
MATERNAL-CHILD NURSING
_c
ROLLANT, P.D & HAMLIN, J.J & PIOTROWSKI, K.A
942
_2
udc
_c
BK
999
_c
2705
_d
2705